| 000 | 00971cam a2200325Ia 4500 | ||
|---|---|---|---|
| 001 | 52938 | ||
| 005 | 20230404130051.0 | ||
| 008 | 060501s2005 cu af b 000 0bspa d | ||
| 010 | _a 2006429496 | ||
| 035 | _a(OCoLC)ocm67982088 | ||
| 040 |
_aGUA _cGUA _dIXA _dFXG _dDLC |
||
| 020 | _a959101001X | ||
| 020 | _a9789591010018 | ||
| 035 | _a(OCoLC)67982088 | ||
| 043 | _anwcu--- | ||
| 050 | 1 | 4 |
_a107 N 6605 _bR253r 2005 |
| 100 | 1 | _aRavenet RamÃrez, Mariana. | |
| 245 | 1 | 0 |
_aRavenet revela a Ravenet / _cMariana Ravenet. |
| 260 |
_aLa Habana : _bEditorial Letras Cubanas, _cc2005. |
||
| 300 |
_a277, [1] p., [26] p. of plates : _bill. ; _c21 cm. |
||
| 490 | 1 | _aVoces | |
| 504 | _aIncludes bibliographical references (p. 271-[278]). | ||
| 600 | 1 | 0 |
_aRavenet, Domingo, _d1905-1969. |
| 650 | 0 |
_aArtists _zCuba _vBiography. |
|
| 650 | 0 |
_aArt, Cuban _y20th century. |
|
| 830 | 0 | _aVoces colección. | |
| 942 |
_2lcc _cbk |
||
| 946 | _aclperez | ||
| 994 |
_aC0 _bDRFGD |
||
| 999 |
_c10307 _d10307 |
||